Poesía juglaresca y juglares : aspectos de la historia literaria y cultural de España /

Guardat en:
Dades bibliogràfiques
Autor principal: Menéndez Pidal, Ramón (autor)
Format: Llibre
Idioma:espanyol
Publicat: Madrid, España : Espasa-Calpe, 1962, c1962
Edició:5a edición
Col·lecció:(Austral ; 300)
Matèries:
Etiquetes: Afegir etiqueta
Sense etiquetes, Sigues el primer a etiquetar aquest registre!

MARC

LEADER 00000nam^a2200000^a^4500
001 000275720
005 20250521000000.0
009 20260310111239.264
037 |a Acervo Xavier Clavigero 
041 |a ESP 
082 |a 808.  |b AUS V. 300 
100 |a Menéndez Pidal, Ramón  |e (autor) 
240 1 1 |a [Poesía juglaresca y juglares] 
245 1 0 |a Poesía juglaresca y juglares :  |b aspectos de la historia literaria y cultural de España /  |c R. Menéndez Pidal. 
250 |a 5a edición 
264 4 |a Madrid, España :  |b Espasa-Calpe,  |c 1962, c1962 
300 |a 252 p. 
336 |a texto  |b txt  |2 rdacontenido 
337 |a sin mediación  |b n  |2 rdamedio 
338 |a volumen  |b nc  |2 rdasoporte 
440 1 |a (Austral ;  |v 300) 
545 0 |a Nacido en La Coruña en 1869 y muerto en 1968 en Madrid, el filólogo Ramón Menéndez Pidal centró su extensa obra fundamentalmente en la historia de la lengua española y los estudios de las literaturas medievales. La leyenda de los infantes de Lara (1896), su primer trabajo, muestra sus intereses primordiales: el estado latente de fenómenos lingüísticos y/o literarios, la transmisión de variantes de la poesía popular y la relación del cantar con hechos históricos coetáneos. Fundador de la Revista de Filología Española (1914), desempeñó una importante labor en el Centro de Estudios Históricos, donde creó a su alrededor una importante escuela de investigadores. Entre sus obras más significativas están la serie de trabajos sobre el Cantar de Mío Cid y su figura histórica, iniciados en 1908; las recolecciones y estudios de romances; el Manual de gramática histórica española (1918); Poesía juglaresca y juglares (1924); Orígenes del español (1926) y La "Chanson de Roland" y el neotradicionalismo (1959). 
649 |a XX 
650 |a Juglares y Trovadores Españoles -  |x Historia -  |x Tema Principal 
650 |a Poesía Epica -  |z España -  |x Historia y Crítica 
650 |a Poesía Española -  |x Historia y Crítica 
650 |a Ensayos Españoles 
650 |a Literatura Medieval -  |z España -  |x Historia y Crítica -  |x Tema Principal 
650 |a Literatura Española -  |x Historia y Crítica 
650 |a Literatura Española -  |y Hasta 1500 
650 |a Historia Social -  |z España -  |y Período Arabe, 711-1492 
650 |a España -  |x Historia -  |y Período Arabe, 711-1492 
650 |a Europa -  |x Historia -  |y 476-1492 
650 |a Edad Media -  |x Historia 
910 |a Fondo General 
920 |a Impresos - Libros 
930 |a Colección General 
940 |a Literatura 
905 |a 101 
901 |a 062494  |b IT1  |c LIT  |u 20250521 
902 |a https://opac.biblio.iteso.mx/vufind/Record/000275720